000
00353nam a2200157Ia 4500
008
221030s9999 xx 000 0 und d
020
_a
0074633112
041
_a
English
082
_a
105.23
_b
Bal
100
_a
E. Balagurusamy
245
0
_a
Numerical Methods
260
_b
TMH
_a
New Delhi
_c
2003
300
_a
608
650
_a
Computers
942
_c
BK
999
_c
2017
_d
2017